[Event "SLO-chT2 East"]
[Site "Slovenia"]
[Date "2018.09.15"]
[Round "1"]
[White "Povse, Martin"]
[Black "Ribic, Marjan"]
[Result "1-0"]
[WhiteElo "2014"]
[BlackElo "2034"]
[PlyCount "102"]
[EventDate "2018.09.15"]
[EventType "team-tourn"]
[EventRounds "9"]
[EventCountry "SLO"]
[SourceTitle "EXT 2021"]
[Source "ChessBase"]
[SourceDate "2020.10.23"]
[SourceVersion "1"]
[SourceVersionDate "2020.10.23"]
[SourceQuality "1"]
[WhiteTeam "Sevnica Majcen"]
[BlackTeam "Kamnica"]
[WhiteTeamCountry "SLO"]
[BlackTeamCountry "SLO"]

1. e4 e5 2. Nf3 Nc6 3. Bc4 Nf6 4. Nc3 Nxe4 5. Bxf7+ Kxf7 6. Nxe4 d5 7. Neg5+ Kg8 8. d4 h6 9. Nh3 Bg4 10. dxe5 Nxe5 11. Nhg1 c6 12. Qd4 Nxf3+ 13. Nxf3 Bxf3 14. gxf3 Qb6 15. Qe5 Qb4+ 16. Bd2 Qe7 17. Qxe7 Bxe7 18. 0-0 Bf6 19. Rfe1 Kf7 20. Kg2 Rhe8 21. f4 b6 22. c3 c5 23. Kf3 Rad8 24. a4 d4 25. Rxe8 Kxe8 26. c4 Kf7 27. Re1 Kg6 28. Re6 Kf5 29. Rc6 Rd7 30. a5 Rb7 31. b4 Be7 32. b5 Bf6 33. h3 Bd8 34. Rd6 Be7 35. Rd5+ Ke6 36. f5+ Kf7 37. a6 Rb8 38. Rd7 Ra8 39. Bf4 Ke8 40. Rb7 Bf6 41. Bb8 Bg5 42. Ke4 Bh4 43. f3 Kf8 44. Kd3 Bf6 45. Bxa7 Re8 46. Rb8 Bd8 47. Bxb6 Bxb6 48. Rxb6 Re3+ 49. Kd2 Ra3 50. Rb7 Ra2+ 51. Kd3 Ra3+ 1-0

[Event "SLO-chT2 East"]
[Site "Velenje"]
[Date "2005.11.23"]
[Round "9"]
[White "Cojhter, Karl"]
[Black "Ribic, Marjan"]
[Result "1-0"]
[WhiteElo "2124"]
[BlackElo "1966"]
[PlyCount "61"]
[EventDate "2005.05.27"]
[EventType "team"]
[EventRounds "9"]
[EventCountry "SLO"]
[SourceTitle "EXT 2009"]
[Source "ChessBase"]
[SourceDate "2008.11.26"]
[SourceVersion "1"]
[SourceVersionDate "2008.11.26"]
[SourceQuality "1"]

1. e4 c5 2. Nf3 Nc6 3. c3 e5 4. Bc4 d6 5. d3 h6 6. Nbd2 Nf6 7. Nf1 Be7 8. Ne3 0-0 9. a3 Qc7 10. b4 b6 11. 0-0 a5 12. b5 Nd8 13. Nh4 Ne6 14. Nhf5 Nf4 15. g3 Ng6 16. Nd5 Nxd5 17. Bxd5 Ra7 18. Qh5 Bxf5 19. exf5 Nh8 20. Ra2 Qd8 21. h4 Bf6 22. c4 Qe7 23. Re2 Re8 24. Kg2 Kh7 25. Rh1 Qf8 26. Qf3 g6 27. Be4 Qg7 28. fxg6+ fxg6 29. h5 Rf7 30. hxg6+ Nxg6 31. Qh5 1-0

[Event "SLO-chT2 East"]
[Site "Velenje"]
[Date "2005.10.28"]
[Round "6"]
[White "Ribic, Marjan"]
[Black "Zalokar, Uros"]
[Result "0-1"]
[WhiteElo "1966"]
[BlackElo "2243"]
[PlyCount "50"]
[EventDate "2005.05.27"]
[EventType "team"]
[EventRounds "9"]
[EventCountry "SLO"]
[SourceTitle "EXT 2009"]
[Source "ChessBase"]
[SourceDate "2008.11.26"]
[SourceVersion "1"]
[SourceVersionDate "2008.11.26"]
[SourceQuality "1"]

1. e4 g6 2. d4 Bg7 3. Bc4 c5 4. d5 Qb6 5. c3 d6 6. Qc2 Nd7 7. f4 Qa5 8. Nf3 b5 9. Be2 Ngf6 10. 0-0 0-0 11. Nbd2 c4 12. Nd4 Nc5 13. b4 cxb3 14. N4xb3 Qa4 15. Bf3 Bb7 16. Bb2 Rac8 17. Qb1 Nfd7 18. Nxc5 Nxc5 19. Nb3 a6 20. Nxc5 Rxc5 21. Qd3 Rfc8 22. Rfc1 b4 23. Qb1 bxc3 24. Bxc3 Bxc3 25. Rxc3 Qd4+ 0-1

[Event "SLO-chT2E"]
[Site "Velenje"]
[Date "2004.11.01"]
[Round "5"]
[White "Ribic, Marjan"]
[Black "Kovacic, Sebastjan"]
[Result "1-0"]
[WhiteElo "1972"]
[BlackElo "1898"]
[PlyCount "39"]
[EventDate "2004.11.01"]
[EventType "team"]
[EventRounds "9"]
[EventCountry "SLO"]
[SourceTitle "EXT 2008"]
[Source "ChessBase"]
[SourceDate "2007.11.25"]
[SourceVersion "1"]
[SourceVersionDate "2007.11.25"]
[SourceQuality "1"]

1. e4 Nf6 2. Nc3 d5 3. e5 Nfd7 4. d4 e6 5. f4 c5 6. Nf3 Nc6 7. Be3 cxd4 8. Nxd4 Ndb8 9. a3 Nxd4 10. Bxd4 Nc6 11. Bb5 a6 12. Bxc6+ bxc6 13. 0-0 c5 14. Bf2 Rb8 15. Rb1 Bb7 16. Qg4 h5 17. Qh3 g5 18. fxg5 Qxg5 19. Bh4 Qxe5 20. Bf6 1-0